书目信息 |
| 题名: |
邓伟志全集
|
|
| 作者: | 邓伟志 , 邓伟志 著 | |
| 分册: | 二 散文卷 | |
| 出版信息: | 上海 上海大学出版社 2013 |
|
| 页数: | 366页 | |
| 开本: | 23cm | |
| 丛书名: | ||
| 单 册: | ||
| 中图分类: | Z427.6 , I267.1 | |
| 科图分类: | ||
| 主题词: | 社会科学--文集 , 自然科学--文集 , 杂文集--中国--当代 , 社会科学 , 自然科学 , 杂文集 | |
| 电子资源: | ||
| ISBN: | 978-7-5671-0739-7 | |
| 000 | 00825nam0 2200301 450 | |
| 001 | 2334559102 | |
| 005 | 20231130095059.92 | |
| 010 | @a978-7-5671-0739-7@b精装@dCNY78.00 | |
| 100 | @a20131114d2013 em y0chiy0120 ea | |
| 101 | 0 | @achi |
| 102 | @aCN@b310000 | |
| 105 | @aa z 000cy | |
| 200 | 1 | @a邓伟志全集@9deng wei zhi quan ji@h二@i散文卷@b专著@f邓伟志 |
| 210 | @a上海@c上海大学出版社@d2013 | |
| 215 | @a366页@c彩照@d23cm | |
| 300 | @a邓伟志全集 14 | |
| 606 | 0 | @a社会科学@j文集 |
| 606 | 0 | @a自然科学@j文集 |
| 606 | 0 | @a杂文集@y中国@z当代 |
| 606 | 0 | @a社会科学 |
| 606 | 0 | @a自然科学 |
| 606 | 0 | @a杂文集 |
| 690 | @aZ427.6@v5 | |
| 690 | @aI267.1@v5 | |
| 701 | 0 | @a邓伟志@9deng wei zhi@f(1938 )@4著 |
| 701 | 0 | @a邓伟志@Adeng wei zhi |
| 801 | 2 | @aCN@b58marc.cn@c20150101 |
| 905 | @aBZT@dZ427.6@e5:2:2 | |
| 邓伟志全集.二.散文卷/邓伟志.-上海:上海大学出版社,2013 |
| 366页:彩照;23cm |
| 邓伟志全集 14 |
| ISBN 978-7-5671-0739-7(精装):CNY78.00 |
| ● |
| 相关链接 |
|
|
|
正题名:邓伟志全集
索取号:Z427.6/5:2:2
 
预约/预借
| 序号 | 登录号 | 条形码 | 馆藏地/架位号 | 状态 | 备注 |
| 1 | 2001168383 | 2001168383 | 中教(第二批第二书库)/山东中教(第二批)/2052/ [索取号:Z427.6/5:2:2] | 在馆 | |
| 2 | 2001168384 | 2001168384 | 中教(第二批第二书库)/山东中教(第二批)/2052/ [索取号:Z427.6/5:2:2] | 在馆 | |
| 3 | 2001168385 | 2001168385 | 中教(第二批第二书库)/山东中教(第二批)/2052/ [索取号:Z427.6/5:2:2] | 在馆 | |
| 4 | 2001168386 | 2001168386 | 中教(第二批第二书库)/山东中教(第二批)/2052/ [索取号:Z427.6/5:2:2] | 在馆 | |
| 5 | 2001168387 | 2001168387 | 中教(第二批第二书库)/山东中教(第二批)/2052/ [索取号:Z427.6/5:2:2] | 在馆 | |
| 6 | 2001168388 | 2001168388 | 中教(第二批第二书库)/山东中教(第二批)/2052/ [索取号:Z427.6/5:2:2] | 在馆 | |
| 7 | 2001168389 | 2001168389 | 中教(第二批第二书库)/山东中教(第二批)/2052/ [索取号:Z427.6/5:2:2] | 在馆 | |
| 8 | 2001168390 | 2001168390 | 中教(第二批第二书库)/山东中教(第二批)/2052/ [索取号:Z427.6/5:2:2] | 在馆 | |
| 9 | 2001168391 | 2001168391 | 中教(第二批第二书库)/山东中教(第二批)/2052/ [索取号:Z427.6/5:2:2] | 在馆 | |
| 10 | 2001168392 | 2001168392 | 中教(第二批第二书库)/山东中教(第二批)/2052/ [索取号:Z427.6/5:2:2] | 在馆 | |
| 11 | 2001168393 | 2001168393 | 中教(第二批第二书库)/山东中教(第二批)/2052/ [索取号:Z427.6/5:2:2] | 在馆 | |
| 12 | 2001168394 | 2001168394 | 中教(第二批第二书库)/山东中教(第二批)/2052/ [索取号:Z427.6/5:2:2] | 在馆 | |
| 13 | 2001168395 | 2001168395 | 中教(第二批第二书库)/山东中教(第二批)/2052/ [索取号:Z427.6/5:2:2] | 在馆 | |
| 14 | 2001168396 | 2001168396 | 中教(第二批第二书库)/山东中教(第二批)/2052/ [索取号:Z427.6/5:2:2] | 在馆 | |
| 15 | 2001168397 | 2001168397 | 中教(第二批第二书库)/山东中教(第二批)/2052/ [索取号:Z427.6/5:2:2] | 在馆 | |
| 16 | 2001168398 | 2001168398 | 中教(第二批第二书库)/山东中教(第二批)/2052/ [索取号:Z427.6/5:2:2] | 在馆 | |
| 17 | 2001168399 | 2001168399 | 中教(第二批第二书库)/山东中教(第二批)/2052/ [索取号:Z427.6/5:2:2] | 在馆 | |
| 18 | 2001168400 | 2001168400 | 中教(第二批第二书库)/山东中教(第二批)/2052/ [索取号:Z427.6/5:2:2] | 在馆 | |
| 19 | 2001168401 | 2001168401 | 中教(第二批第二书库)/山东中教(第二批)/2052/ [索取号:Z427.6/5:2:2] | 在馆 | |
| 20 | 2001168402 | 2001168402 | 中教(第二批第二书库)/山东中教(第二批)/2052/ [索取号:Z427.6/5:2:2] | 在馆 | |
| 21 | 2001168403 | 2001168403 | 中教(第二批第二书库)/山东中教(第二批)/2052/ [索取号:Z427.6/5:2:2] | 在馆 | |
| 22 | 2001168404 | 2001168404 | 中教(第二批第二书库)/山东中教(第二批)/2052/ [索取号:Z427.6/5:2:2] | 在馆 | |
| 23 | 2001168405 | 2001168405 | 中教(第二批第二书库)/山东中教(第二批)/2052/ [索取号:Z427.6/5:2:2] | 在馆 | |
| 24 | 2001168406 | 2001168406 | 中教(第二批第二书库)/山东中教(第二批)/2052/ [索取号:Z427.6/5:2:2] | 在馆 | |
| 25 | 2001168407 | 2001168407 | 中教(第二批第二书库)/山东中教(第二批)/2052/ [索取号:Z427.6/5:2:2] | 在馆 | |
| 26 | 2001168408 | 2001168408 | 中教(第二批第二书库)/山东中教(第二批)/2052/ [索取号:Z427.6/5:2:2] | 在馆 | |
| 27 | 2001168409 | 2001168409 | 中教(第二批第二书库)/山东中教(第二批)/2052/ [索取号:Z427.6/5:2:2] | 在馆 | |
| 28 | 2001168410 | 2001168410 | 中教(第二批第二书库)/山东中教(第二批)/2052/ [索取号:Z427.6/5:2:2] | 在馆 | |
| 29 | 2001168411 | 2001168411 | 中教(第二批第二书库)/山东中教(第二批)/2052/ [索取号:Z427.6/5:2:2] | 在馆 | |
| 30 | 2001168412 | 2001168412 | 中教(第二批第二书库)/山东中教(第二批)/2052/ [索取号:Z427.6/5:2:2] | 在馆 |